Países no Reconocidos, y Territorios del Mundo - Estadísticas

Estadísticas generales
  • Esta prueba ha sido intentada 3.502 veces
    3.468 desde el último reinicio
  • La puntuación promedio es 30 de 55
Respuestas en el mapa
Las respuestas están codificadas por una escala verde-roja en el mapa de la prueba según el % correcto abajo.
 
Estadísticas de respuestas
País % Correcto
Islas Malvinas
78%
Islas Feroe
75%
Palestina
72%
Groenlandia
67%
Puerto Rico
66%
Bermudas
65%
Islas Vírgenes Británicas
65%
Chipre del Norte
64%
Gibraltar
64%
Isla de Man
63%
Islas Caimán
63%
Polinesia Francesa
63%
Hong Kong
62%
Isla de Navidad
61%
Islas Vírgenes de los Estados Unidos
61%
Sahara Occidental
61%
Somalilandia
61%
Aruba
60%
Curazao
60%
Santa Elena, Ascensión y Tristán de Acuña​
60%
Taiwán
59%
Abjasia
58%
Guam
58%
Islas Cook
58%
Kosovo
56%
La Reunión
56%
Guadalupe
55%
Martinica
54%
Transnistria
54%
Guayana Francesa
53%
Islas Cocos
53%
Macao
53%
Osetia del Sur
53%
Samoa Americana
52%
Islas Turcas y Caicos
51%
Jersey
51%
Nueva Caledonia
51%
Svalbard y Jan Mayen
50%
Anguilla
49%
Caribe Neerlandés
49%
Islas Marianas del Norte
49%
Montserrat
48%
Guernsey
47%
Niue
47%
San Martín
47%
Sint Maarten
47%
Mayotte
46%
San Pedro y Miquelón
46%
Islas Pitcairn
42%
Isla Norfolk
41%
Tokelau
40%
San Bartolomé
36%
Wallis y Futuna
35%
Artsaj
33%
San Eustaquio
19%
No se encontraron pruebas coincidentes
Distribución de puntuación
Porcentaje de gente con cada puntuación
Porcentaje por número respondido
Historial de tus puntuaciones
No has intentado esta prueba desde el último reinicio